000 00590nam a2200217Ia 4500
003 OSt
005 20220928144057.0
006 a|||||r|||| 00| 0
007 ta
008 220927b |||||||| |||| 00| 0 eng d
024 _a24121
037 _cTextual
040 _aSDCL
_cSDCL
_beng
041 _2eng
_aeng
082 _aQ1:42, 111L3.1-2
100 _aOldnberg Hermann Tr.
_9506784
245 0 _aGrihya- sutras
_b Rules of vedic domestc ceremnies.
260 _c1973
942 _hQ1:42, 111L3.1-2
_cTEXL
_2CC
999 _c826036
_d826036